Best Rock Bands of All Times - Statistics

General Stats
  • This quiz has been taken 1,687 times
  • The average score is 10 of 25
Answer Stats
Hint Answer % Correct
1 Led Zeppelin
77%
2 The Beatles
73%
5 Queen
68%
7 AC/DC
66%
14 Metallica
66%
4 The Rolling Stones
66%
10 Nirvana
64%
3 Pink Floyd
61%
11 Black Sabbath
55%
15 Guns N'Roses
53%
6 The Who
49%
13 Aerosmith
46%
9 The Doors
35%
16 U2
34%
20 Van Halen
34%
8 Jimi Hendrix
31%
12 Eagles
29%
18 Elvis Presley
19%
24 Red Hot Chili Peppers
19%
23 Lynyrd Skynyrd
18%
25 Rush
18%
21 The Beach Boys
16%
19 David Bowie
15%
17 Creedence Clearwater Revival
14%
22 Eric Clapton
14%
No matching quizzes found
Score Distribution
Percent of People with Each Score
Percentile by Number Answered
Your Score History
You have not taken this quiz